Délirant Brésil? De Copacabana à l'Amazonie

Сохранить в:
Библиографические подробности
Главный автор: Rondiere, Pierre
Формат:
Язык:Undetermined
Опубликовано: [ France] Hachette 1963
Метки: Добавить метку
Нет меток, Требуется 1-ая метка записи!
Thư viện lưu trữ: Trung tâm Học liệu Trường Đại học Cần Thơ
LEADER 00455nam a2200169Ia 4500
001 CTU_86828
008 210402s9999 xx 000 0 und d
082 |a 918.1 
082 |b R771 
100 |a Rondiere, Pierre 
245 0 |a Délirant Brésil? De Copacabana à l'Amazonie 
245 0 |c Pierre Rondiere 
260 |a [ France] 
260 |b Hachette 
260 |c 1963 
904 |i Mai Loan 
980 |a Trung tâm Học liệu Trường Đại học Cần Thơ